000 00599nam a2200181Ia 4500
003 GCL
008 140319s9999 xx 000 0 ara d
040 _aGCL /
_cGCL
082 0 4 _a811.9
_bح ح
100 1 _aحسين حسن التميمى
245 1 0 _aعلى الشرقى /
_cحسين حسن التميمى
260 _a[S.N] :
_bالمؤسسة العربية للدراسات والنشر ،
_c1985
300 _a104 ص
490 _aاعلام الشعر العربى الحديث
_v0
650 0 4 _aالشعر العربى
650 0 4 _aالقصائد والدواوين
942 _2ddc
_cBK
999 _c33256
_d33256